¿Policía o polozón? reconversión policial íya!

Պահպանված է:
Մատենագիտական մանրամասներ
Ձևաչափ: Տեքստ
Խորագրեր:
Ցուցիչներ: Ավելացրեք ցուցիչ
Չկան պիտակներ, Եղեք առաջինը, ով նշում է այս գրառումը!

MARC

LEADER 00000 a a2200000 04500
001 6850
003
040
245 |a ¿Policía o polozón? reconversión policial íya!  
650 |a POLICIA  
650 |a EL SALVADOR  
773 |g volumen 28, número 1255; páginas 14-16  
999 |c 25040  |d 25040